<?xml version="1.0" encoding="utf-8"?>
<?xml-stylesheet type='text/xsl' href='./oai2.xsl'?>
<OAI-PMH xmlns="http://www.openarchives.org/OAI/2.0/" xmlns:xsi="http://www.w3.org/2001/XMLSchema-instance" xsi:schemaLocation="http://www.openarchives.org/OAI/2.0/ http://www.openarchives.org/OAI/2.0/OAI-PMH.xsd">
  <responseDate>2026-06-06T20:04:46Z</responseDate>
  <request verb="GetRecord" metadataPrefix="marcxml" identifier="record_kuniweb_676057">https://kulturerbe.niedersachsen.de/oai</request>
  <GetRecord>
    <record>
      <header>
        <identifier>record_kuniweb_676057</identifier>
        <datestamp>2021-12-14T12:05:43Z</datestamp>
        <setSpec>slg0019</setSpec>
      </header>
      <metadata>
        <marc:record xmlns:marc="http://www.loc.gov/MARC21/slim" xsi:schemaLocation="http://www.loc.gov/MARC21/slim http://www.loc.gov/standards/marcxml/schema/MARC21slim.xsd">
          <marc:leader>12345nrm  22     uu 4500</marc:leader>
          <marc:controlfield tag="001">676057</marc:controlfield>
          <marc:controlfield tag="003">http://kuniweb.gbv.de</marc:controlfield>
          <marc:controlfield tag="005">2017-04-04T09:48:49</marc:controlfield>
          <marc:controlfield tag="008">|           ||||||||||||||||||||||</marc:controlfield>
          <marc:datafield tag="245" ind1="1" ind2="0">
            <marc:subfield code="a">Calcit-Stufe</marc:subfield>
          </marc:datafield>
          <marc:datafield tag="655" ind1=" " ind2="7">
            <marc:subfield code="a">Naturkunde</marc:subfield>
          </marc:datafield>
          <marc:datafield tag="046" ind1=" " ind2=" ">
            <marc:subfield code="k">-299999999</marc:subfield>
            <marc:subfield code="k">ca. 300000000 v. Chr. (Karbon)</marc:subfield>
          </marc:datafield>
          <marc:datafield tag="260" ind1=" " ind2=" ">
            <marc:subfield code="g">-299999999</marc:subfield>
            <marc:subfield code="g">ca. 300000000 v. Chr. (Karbon)</marc:subfield>
          </marc:datafield>
          <marc:datafield tag="520" ind1=" " ind2=" ">
            <marc:subfield code="a">Calcit oder Kalkspat ist ein Calcium-Karbonat, das häufig prismatisch, rhomboedrisch oder nadelig ausgebildet ist. Seltener kommt es zu ausgeprägten, sechsseitigen Säulen mit einem zonaren Aufbau – daher sind große Stufen mit solchen Calcit-Aggregaten sehr wertvoll. Im Zuge des aktiven Harzer Erzbergbaus konnte man besonders rund um die Silbererzlagerstätte St. Andreasberg sehr gut ausgebildete Calcite finden. Dies gelang dem bedeutenden Mineraliensammler Carl Freiherr Grote, der neben weltweit zusammengetragenen Stücken auch eine Spezialsammlung »Harz-Mineralien« aufbaute, die etwa 2.500 einzigartige Stücke umfasst.  (Niedersächsisches Landesmuseum Hannover)</marc:subfield>
          </marc:datafield>
          <marc:datafield tag="650" ind1="1" ind2=" ">
            <marc:subfield code="a">Baustoff, Werkstoff, Substanz, Rohstoff &gt; Mineral</marc:subfield>
          </marc:datafield>
          <marc:datafield tag="773" ind1="0" ind2=" ">
            <marc:subfield code="t">Naturkunde</marc:subfield>
          </marc:datafield>
          <marc:datafield tag="852" ind1=" " ind2=" ">
            <marc:subfield code="a">Niedersächsisches Landesmuseum Hannover</marc:subfield>
          </marc:datafield>
          <marc:datafield tag="" ind1=" " ind2=" ">
            <marc:subfield code="a">Namensnennung 4.0 International (CC BY 4.0)</marc:subfield>
          </marc:datafield>
        </marc:record>
      </metadata>
    </record>
  </GetRecord>
</OAI-PMH>
